000 00654nab a2200193 4500
001 244442
003 OSt
005 20240417120847.0
007 tu
008 200917s2020|||||||
040 _aDE-2950
_cDE-2950
245 0 0 _a189 Kandidaten für 46 Sitze
_bWahl. Bei den Kommunalwahlen werden auch in Frankfurt die politischen Weichen bis zum Jahr 2029 gestellt. Jetzt steht fest, wer antreten darf/
_cLisa Mahlke, Thomas Gutke
264 _c2024
653 _aFrankfurt (Oder)
653 _aKommunalwahl
653 _aKandidatelisten
773 0 _g35. Jahrgang (2024) Nr. 86 vom 12.04.2024, S. 15 mit Foto
_tMärkische Oderzeitung
942 _2z
_cA
999 _c373068
_d373068